Energetická diplomacia ako nástroj zahraničnej politiky Ruskej federácie bakalárska práca

Salvato in:
Dettagli Bibliografici
Autore principale: Benovič, Jozef
Ente Autore: Fakulta medzinárodných vzťahov EU. Katedra medzinárodných ekonomických vzťahov a hospodárskej diplomacie
Altri autori: Bocora, Ján
Natura: Libro
Lingua:slovacco
Pubblicazione: Bratislava 2012
Tags: Aggiungi Tag
Nessun Tag, puoi essere il primo ad aggiungerne!!

MARC

LEADER 00000nbm a2200000 4500
001 0153614
005 20161109111757.7
041 0 |a slo 
044 |a SK 
245 1 0 |a Energetická diplomacia ako nástroj zahraničnej politiky Ruskej federácie  |b bakalárska práca  |c Jozef Benovič ; školiteľ: Ján Bocora 
264 1 |a Bratislava  |c 2012 
300 |a 44 s. 
100 1 |a Benovič, Jozef 
700 1 |a Bocora, Ján 
710 2 |a Fakulta medzinárodných vzťahov EU. Katedra medzinárodných ekonomických vzťahov a hospodárskej diplomacie